[Event "Wch Blitz"]
[Site "Almaty"]
[Date "2022.12.30"]
[Round "21"]
[White "Mamedov, Edgar"]
[Black "Everett, Elijah David"]
[Result "1/2-1/2"]
[WhiteElo "2034"]
[BlackElo "2146"]
[PlyCount "98"]
[EventDate "2022.12.29"]
[EventType "swiss (blitz)"]
[EventRounds "21"]
[EventCountry "KAZ"]
[SourceTitle "CBM 212"]
[Source "ChessBase"]
[SourceDate "2023.02.28"]
[SourceVersion "1"]
[SourceVersionDate "2023.02.28"]
[SourceQuality "1"]

1. Nf3 Nf6 2. g3 g6 3. Bg2 Bg7 4. 0-0 0-0 5. c4 d6 6. Nc3 Nc6 7. d3 e5 8. Rb1 a5 9. a3 h6 10. b4 axb4 11. axb4 Be6 12. b5 Ne7 13. Bb2 Qd7 14. Bh1 e4 15. Nxe4 Nxe4 16. Bxg7 Nxf2 17. Rxf2 Kxg7 18. Qd2 Kh7 19. Nd4 d5 20. c5 Nf5 21. Nxf5 Bxf5 22. Qb2 Rae8 23. b6 c6 24. Qd4 Ra8 25. Rbf1 Ra5 26. e4 Be6 27. Rf6 Kg8 28. exd5 cxd5 29. Qe3 Kg7 30. Qe5 Kg8 31. Qf4 Kg7 32. d4 Ra2 33. Qe5 Kg8 34. R6f2 Rfa8 35. Qf4 Kg7 36. Qf6+ Kg8 37. Qh4 Kg7 38. Qf6+ Kg8 39. Qe5 Rxf2 40. Rxf2 Ra1+ 41. Rf1 Rxf1+ 42. Kxf1 Qb5+ 43. Kg1 Qb1+ 44. Kg2 Qc2+ 45. Kg1 Qd1+ 46. Kg2 Qd2+ 47. Kg1 Qd1+ 48. Kg2 Qd2+ 49. Kg1 Qd1+ 1/2-1/2

[Event "Wch Blitz"]
[Site "Almaty"]
[Date "2022.12.29"]
[Round "6"]
[White "Begmuratov, Khumoyun"]
[Black "Everett, Elijah David"]
[Result "1-0"]
[WhiteElo "2267"]
[BlackElo "2146"]
[PlyCount "257"]
[EventDate "2022.12.29"]
[EventType "swiss (blitz)"]
[EventRounds "21"]
[EventCountry "KAZ"]
[SourceTitle "CBM 212"]
[Source "ChessBase"]
[SourceDate "2023.02.28"]
[SourceVersion "1"]
[SourceVersionDate "2023.02.28"]
[SourceQuality "1"]

1. e4 c5 2. Nc3 d6 3. Bb5+ Nd7 4. d4 cxd4 5. Qxd4 a6 6. Bxd7+ Bxd7 7. Nf3 e5 8. Qd3 h6 9. Nd2 Nf6 10. Nc4 Be6 11. Ne3 Rc8 12. 0-0 Be7 13. Bd2 0-0 14. Kh1 Qc7 15. f3 Rfd8 16. Be1 d5 17. exd5 Bb4 18. Bh4 g5 19. Ne4 Be7 20. Nxf6+ Bxf6 21. Bf2 Bg7 22. c4 Bd7 23. Rac1 Qa5 24. a3 Qa4 25. Rfe1 Rf8 26. g4 Rfe8 27. Nf1 e4 28. fxe4 Bxb2 29. Rb1 Qxa3 30. Qxa3 Bxa3 31. Rxb7 Bxg4 32. Nd2 a5 33. Bd4 Bb4 34. Be3 Bxd2 35. Bxd2 Rxc4 36. Bxa5 Rexe4 37. Rxe4 Rxe4 38. Rb8+ Kh7 39. d6 Rd4 40. Bb4 Kg6 41. Kg1 Be6 42. Kf2 h5 43. Ke3 Rd1 44. Rb5 g4 45. Kf4 Rd4+ 46. Ke3 Rd1 47. Kf4 Rd4+ 48. Ke3 Rd1 49. Ra5 Rb1 50. Bd2 Rb7 51. Kf2 Rd7 52. Bf4 Rb7 53. Rg5+ Kf6 54. Rxh5 Rb2+ 55. Ke3 Rb3+ 56. Ke2 Rb2+ 57. Bd2 Bc4+ 58. Ke3 Ke6 59. Rh6+ Kd7 60. Bc3 Rb3 61. Kd2 Be6 62. Be5 Rh3 63. Rf6 Rh5 64. Bg3 Rd5+ 65. Ke3 Rf5 66. Rh6 Rf3+ 67. Kd4 Ra3 68. Rh8 Ra4+ 69. Ke5 Ra5+ 70. Kf4 Ra4+ 71. Kg5 Ra5+ 72. Kh4 Ra7 73. Rb8 Kc6 74. Rb2 Rd7 75. Rc2+ Kd5 76. Kg5 Ke4 77. Kf6 Kd5 78. Rd2+ Kc6 79. Re2 Kd5 80. Re1 Rb7 81. Rd1+ Kc6 82. Be5 Rd7 83. Rd3 Rb7 84. Kg7 Rd7 85. Kf6 Rb7 86. Rc3+ Kd5 87. Bg3 Rd7 88. Ra3 Kc6 89. Ke5 Rb7 90. Kd4 Rd7 91. Ra6+ Kb5 92. Ra1 Kc6 93. Rc1+ Kb6 94. Bf4 Kb7 95. Ke5 Kb6 96. Kf6 Kb7 97. Kg7 Kb6 98. Kf8 Kb7 99. Ke8 Kb6 100. Re1 Kc6 101. Rc1+ Kb6 102. Rc3 Kb7 103. Be5 Kb6 104. Rc2 Kb7 105. Rc1 Kb6 106. Bd4+ Kb7 107. Be5 Kb6 108. Rf1 Kc6 109. Bg3 Kb6 110. Rf4 Kc6 111. Rf6 Ra7 112. Bf4 Ra8+ 113. Ke7 Ra7+ 114. Kf8 Ra8+ 115. Kg7 Kd7 116. Bg3 Ra4 117. Rf1 Ra7 118. Rb1 Kd8 119. Bh4+ Kd7 120. Be7 Kc6 121. Kf6 Kd7 122. Rc1 Rb7 123. Rc5 Ra7 124. Ke5 Rb7 125. Ra5 Kc6 126. Kd4 Kd7 127. Kc5 Kc8 128. Ra8+ Kd7 129. Rd8# 1-0

[Event "Wch Blitz"]
[Site "Almaty"]
[Date "2022.12.29"]
[Round "10"]
[White "Everett, Elijah David"]
[Black "Postlmayer, Jakob"]
[Result "1/2-1/2"]
[WhiteElo "2146"]
[BlackElo "2182"]
[PlyCount "82"]
[EventDate "2022.12.29"]
[EventType "swiss (blitz)"]
[EventRounds "21"]
[EventCountry "KAZ"]
[SourceTitle "CBM 212"]
[Source "ChessBase"]
[SourceDate "2023.02.28"]
[SourceVersion "1"]
[SourceVersionDate "2023.02.28"]
[SourceQuality "1"]

1. e4 c5 2. Nf3 d6 3. d4 cxd4 4. Nxd4 Nf6 5. Nc3 a6 6. Be3 e5 7. Nb3 Be7 8. f3 Be6 9. Qd2 h5 10. Nd5 Nxd5 11. exd5 Bf5 12. Be2 a5 13. a4 0-0 14. 0-0 Nd7 15. c4 b6 16. Bd3 Bxd3 17. Qxd3 Nc5 18. Nxc5 bxc5 19. Bd2 f5 20. Bc3 Bg5 21. Kh1 Qe7 22. Qe2 Qd7 23. f4 Bxf4 24. Qxh5 Rf6 25. Rxf4 exf4 26. Bxf6 gxf6 27. Qg6+ Qg7 28. Qxf5 Re8 29. Qxf4 Re5 30. Kg1 Qg6 31. Rf1 Kg7 32. Qg3 Qxg3 33. hxg3 Re2 34. b3 Rb2 35. Rf3 Kg6 36. g4 Kg5 37. Kh2 Kg6 38. Kg3 Kg5 39. Kh3 Kg6 40. Kg3 Kg5 41. Kh3 Kg6 1/2-1/2

[Event "Wch Blitz"]
[Site "Almaty"]
[Date "2022.12.29"]
[Round "2"]
[White "Fedorov, Alexei"]
[Black "Everett, Elijah David"]
[Result "1-0"]
[WhiteElo "2488"]
[BlackElo "2146"]
[PlyCount "55"]
[EventDate "2022.12.29"]
[EventType "swiss (blitz)"]
[EventRounds "21"]
[EventCountry "KAZ"]
[SourceTitle "CBM 212"]
[Source "ChessBase"]
[SourceDate "2023.02.28"]
[SourceVersion "1"]
[SourceVersionDate "2023.02.28"]
[SourceQuality "1"]

1. e4 c5 2. d3 d5 3. Nd2 Nc6 4. g3 Nf6 5. Bg2 e5 6. Ngf3 d4 7. Nc4 Qc7 8. a4 Be7 9. 0-0 0-0 10. b3 Ne8 11. Ne1 Be6 12. f4 f6 13. Nf3 b6 14. f5 Bf7 15. g4 Rb8 16. Bd2 a6 17. a5 b5 18. Nb6 Nd6 19. g5 Kh8 20. g6 Bg8 21. Nh4 c4 22. Rf3 c3 23. Bc1 Qd8 24. Rh3 Nc8 25. Nd5 Bd6 26. gxh7 Bf7 27. Rg3 Nb4 28. Qg4 1-0

[Event "Wch Rapid"]
[Site "Almaty"]
[Date "2022.12.26"]
[Round "2"]
[White "Ponkratov, Pavel"]
[Black "Everett, Elijah David"]
[Result "1-0"]
[WhiteElo "2569"]
[BlackElo "2125"]
[PlyCount "61"]
[EventDate "2022.12.26"]
[EventType "swiss (rapid)"]
[EventRounds "13"]
[EventCountry "KAZ"]
[SourceTitle "CBM 212"]
[Source "ChessBase"]
[SourceDate "2023.02.28"]
[SourceVersion "1"]
[SourceVersionDate "2023.02.28"]
[SourceQuality "1"]

1. e4 c5 2. Nf3 d6 3. d4 cxd4 4. Nxd4 Nf6 5. Bb5+ Nbd7 6. 0-0 a6 7. Bd3 e6 8. Re1 Be7 9. c4 0-0 10. Nc3 Qc7 11. Bg5 b6 12. Rc1 Bb7 13. b3 Rac8 14. Bb1 Rfe8 15. Bh4 Nf8 16. Bg3 Ng6 17. f4 e5 18. fxe5 dxe5 19. Nf5 Ba3 20. Rc2 b5 21. Nd5 Nxd5 22. cxd5 Qd8 23. h4 Bf8 24. h5 Ne7 25. Bh4 Rxc2 26. Qxc2 Qd7 27. Ne3 Rc8 28. Qf2 Re8 29. Rf1 Nc8 30. h6 g6 31. Ng4 1-0

[Event "Erfurt op-A 29th"]
[Site "Erfurt"]
[Date "2019.12.29"]
[Round "7"]
[White "Everett, Elijah David"]
[Black "Abel, Dennes"]
[Result "0-1"]
[WhiteElo "2230"]
[BlackElo "2463"]
[PlyCount "94"]
[EventDate "2019.12.26"]
[EventType "swiss"]
[EventRounds "8"]
[EventCountry "GER"]
[SourceTitle "CBM 194 Extra"]
[Source "ChessBase"]
[SourceDate "2020.03.31"]
[SourceVersion "1"]
[SourceVersionDate "2020.03.31"]
[SourceQuality "1"]

1. e4 c6 2. d4 d5 3. Nd2 dxe4 4. Nxe4 Bf5 5. Ng3 Bg6 6. h4 h6 7. Nf3 Nd7 8. h5 Bh7 9. Bd3 Bxd3 10. Qxd3 e6 11. Bd2 Ngf6 12. 0-0-0 Be7 13. Kb1 Qb6 14. c4 0-0 15. Ne4 Rad8 16. g4 Nxg4 17. Qe2 f5 18. Rdg1 c5 19. Ne5 Ndxe5 20. dxe5 Qc6 21. Nc3 Qd7 22. Kc2 Qxd2+ 23. Qxd2 Rxd2+ 24. Kxd2 Nxe5 25. Ke2 Nxc4 26. Rd1 Nd6 27. Rd2 Rc8 28. Rhd1 Rc6 29. Kf3 Kf7 30. Ne2 e5 31. Nc3 Ke6 32. Ke2 Bg5 33. Rc2 a6 34. Kf3 Bf6 35. Kg2 e4 36. Kf1 Bd4 37. Kg2 Rc8 38. Ne2 Be5 39. Nc3 Rc6 40. Kf1 b5 41. Kg2 c4 42. Ne2 Nb7 43. Nd4+ Bxd4 44. Rxd4 Nd6 45. Kg3 Ne8 46. Rd8 Nf6 47. Kh4 f4 0-1

[Event "Hofheim Spring op 7th"]
[Site "Hofheim"]
[Date "2019.04.27"]
[Round "8"]
[White "Vakulenko, Aleksandr"]
[Black "Everett, Elijah David"]
[Result "1-0"]
[WhiteElo "2055"]
[BlackElo "2210"]
[PlyCount "65"]
[EventDate "2019.04.23"]
[EventType "swiss"]
[EventRounds "9"]
[EventCountry "GER"]
[SourceTitle "CBM 190 Extra"]
[Source "ChessBase"]
[SourceDate "2019.07.15"]
[SourceVersion "1"]
[SourceVersionDate "2019.07.15"]
[SourceQuality "1"]

1. d4 Nf6 2. c4 g6 3. Nc3 Bg7 4. e4 d6 5. f3 0-0 6. Be3 Nc6 7. Nge2 a6 8. Qd2 Rb8 9. Rb1 b5 10. cxb5 axb5 11. b4 e5 12. d5 Ne7 13. Ng3 Bd7 14. Bd3 c6 15. dxc6 Bxc6 16. 0-0 d5 17. exd5 Nfxd5 18. Nxd5 Nxd5 19. Bc5 Re8 20. Rfd1 Qh4 21. Ne4 Red8 22. a4 bxa4 23. b5 Ba8 24. Qa2 Bh6 25. Re1 Nc3 26. Nxc3 Rxd3 27. Ne4 Rb3 28. Qxa4 Rxb1 29. Rxb1 Qd8 30. Rd1 Qe8 31. Bd6 Be3+ 32. Kh1 Rb7 33. Nf6+ 1-0

[Event "Hofheim Spring op 7th"]
[Site "Hofheim"]
[Date "2019.04.24"]
[Round "2"]
[White "Everett, Elijah David"]
[Black "Shourya, Jain"]
[Result "1-0"]
[WhiteElo "2210"]
[BlackElo "2068"]
[PlyCount "55"]
[EventDate "2019.04.23"]
[EventType "swiss"]
[EventRounds "9"]
[EventCountry "GER"]
[SourceTitle "CBM 190 Extra"]
[Source "ChessBase"]
[SourceDate "2019.07.15"]
[SourceVersion "1"]
[SourceVersionDate "2019.07.15"]
[SourceQuality "1"]

1. e4 c5 2. Nf3 d6 3. d4 cxd4 4. Nxd4 Nf6 5. Nc3 g6 6. Be3 Bg7 7. f3 0-0 8. Qd2 Nc6 9. 0-0-0 d5 10. exd5 Nxd5 11. Nxc6 bxc6 12. Bd4 Bxd4 13. Qxd4 Qb6 14. Na4 Qc7 15. Bc4 Nb6 16. Bd3 Rd8 17. Qh4 Nxa4 18. Qxa4 Be6 19. g3 Bd5 20. Rhf1 c5 21. c4 Be6 22. f4 Bg4 23. Rd2 Rd4 24. Qc2 Rad8 25. Rff2 Qd6 26. Be4 Qe6 27. b3 Bd1 28. Kxd1 1-0

[Event "Karlsruhe Grenke op"]
[Site "Karlsruhe"]
[Date "2019.04.20"]
[Round "5"]
[White "Grigorian, Spartak"]
[Black "Everett, Elijah David"]
[Result "1-0"]
[WhiteElo "2384"]
[BlackElo "2210"]
[PlyCount "67"]
[EventDate "2019.04.18"]
[EventType "swiss"]
[EventRounds "9"]
[EventCountry "GER"]
[SourceTitle "CBM 189 Extra"]
[Source "ChessBase"]
[SourceDate "2019.05.31"]
[SourceVersion "1"]
[SourceVersionDate "2019.05.31"]
[SourceQuality "1"]

1. d4 Nf6 2. Nf3 g6 3. g3 Bg7 4. Bg2 0-0 5. 0-0 d6 6. b3 Nbd7 7. Bb2 e5 8. dxe5 Ng4 9. c4 dxe5 10. Qd2 f6 11. Nc3 Nh6 12. Rfd1 Nf7 13. b4 c6 14. Ne1 Nb6 15. Qc2 Qe7 16. b5 Qc5 17. bxc6 bxc6 18. Na4 Qxc4 19. Nxb6 Qxc2 20. Nxc2 axb6 21. Bxc6 Ra7 22. Bd5 Re8 23. Bc1 Be6 24. Be3 Bxd5 25. Rxd5 Rc8 26. Nb4 Bf8 27. Rb1 Rc4 28. Nd3 e4 29. Nf4 Rxa2 30. Rxb6 f5 31. Rb8 Rac2 32. Rd7 Rc8 33. Rbb7 Nd6 34. Nd5 1-0

[Event "Oberliga Ost-B 1819"]
[Site "Germany"]
[Date "2019.04.06"]
[Round "10.2"]
[White "Langheinrich, Ferenc"]
[Black "Everett, Elijah David"]
[Result "1-0"]
[WhiteElo "2376"]
[BlackElo "2232"]
[PlyCount "61"]
[EventDate "2018.10.21"]
[EventType "team-tourn"]
[EventRounds "11"]
[EventCountry "GER"]
[SourceTitle "EXT 2020"]
[Source "ChessBase"]
[SourceDate "2019.10.17"]
[SourceVersion "1"]
[SourceVersionDate "2019.10.17"]
[SourceQuality "1"]
[WhiteTeam "Erfurt Empor"]
[BlackTeam "Schoeneck"]
[WhiteTeamCountry "GER"]
[BlackTeamCountry "GER"]

1. Nf3 Nf6 2. g3 g6 3. Bg2 Bg7 4. d4 0-0 5. 0-0 d6 6. a4 a5 7. c3 Nbd7 8. Re1 e5 9. e4 Re8 10. Nbd2 Nb6 11. b3 Bd7 12. Bb2 Nh5 13. Qc2 h6 14. Rad1 Qe7 15. Ba3 Qf6 16. h3 Rac8 17. dxe5 dxe5 18. c4 Rcd8 19. c5 Nc8 20. Nc4 Qa6 21. Bb2 f6 22. Nh4 Ne7 23. Bf1 Qa7 24. Ne3 Bf8 25. Qc4+ Kg7 26. Rxd7 Rxd7 27. Qe6 Red8 28. Bc4 Kh7 29. Nxg6 Kxg6 30. Qf7+ Kg5 31. h4# 1-0

[Event "AUT-chT2W 1819"]
[Site "Austria"]
[Date "2018.10.12"]
[Round "1.5"]
[White "Everett, Elijah David"]
[Black "Jedinger, Andreas"]
[Result "1-0"]
[WhiteElo "2232"]
[BlackElo "2108"]
[PlyCount "89"]
[EventDate "2018.10.12"]
[EventType "team-tourn"]
[EventRounds "11"]
[EventCountry "AUT"]
[SourceTitle "CBM 186 Extra"]
[Source "ChessBase"]
[SourceDate "2018.08.24"]
[SourceVersion "1"]
[SourceVersionDate "2018.08.24"]
[SourceQuality "1"]
[WhiteTeam "Pradl"]
[BlackTeam "Rochade Rum"]
[WhiteTeamCountry "AUT"]
[BlackTeamCountry "AUT"]

1. e4 e5 2. Nf3 Nc6 3. Bb5 a6 4. Ba4 Nf6 5. 0-0 Be7 6. Re1 b5 7. Bb3 d6 8. c3 0-0 9. h3 Na5 10. Bc2 c5 11. d4 Qc7 12. Nbd2 Nc6 13. d5 Nd8 14. a4 Rb8 15. b4 g6 16. axb5 axb5 17. bxc5 dxc5 18. Nf1 Nh5 19. Bh6 Ng7 20. Qd2 f6 21. Ng3 Nf7 22. h4 Bd7 23. h5 Nxh6 24. Qxh6 g5 25. Ra6 Qb7 26. d6 Bd8 27. Rea1 c4 28. Nf5 Nxf5 29. exf5 Rf7 30. Ra7 Qd5 31. Re1 Bb6 32. Be4 Qc5 33. Ra2 Bc6 34. Rd2 Bxe4 35. Rxe4 Rd8 36. Nxg5 fxg5 37. Qxg5+ Rg7 38. Qf6 Rf8 39. Qe6+ Kh8 40. h6 Rgg8 41. Rxe5 Qc6 42. Re4 Bd8 43. d7 Qc7 44. Qd5 Qb6 45. Re6 1-0